| 000 | 01212nam a2200301 4500 | ||
|---|---|---|---|
| 001 | 150179 | ||
| 003 | ES-MaACL | ||
| 005 | 20251114135837.0 | ||
| 007 | t| | ||
| 008 | 071029s1912 sp |||| | spa d | ||
| 080 | _a821.134.2-23"19" | ||
| 100 | 1 |
_aValle-Inclán, Ramón del, _d1866-1936 _9112796 |
|
| 245 | 1 | 0 |
_aVoces de gesta _b: tragedia pastoril / _cRamón del Valle-Inclán. |
| 260 |
_aMadrid : _b[s.n.], _c1912 ( _fImprenta Alemana) |
||
| 300 |
_a130 p., [1] h., [2] p. : _bil., grab. ; _c22 cm. |
||
| 596 | _aEn cubierta la fecha que figura es 1911 y en colofón 1912. | ||
| 597 | _aConserva port. y contrap. originales. | ||
| 599 | _aIlustrado por: Ricardo Baroja, Ángel Vivanco, Rafael Penagos, José Moya, Anselmo de Miguel Nieto, Aurelio Arteta y Julio Romero de Torres, según consta en el colofón. | ||
| 700 | 1 |
_aBaroja, Ricardo, _d1871-1953 _925759 |
|
| 700 | 1 |
_aVivanco, Ángel. _9115537 |
|
| 700 | 1 |
_aPenagos, Rafael de, _d1889-1954 _990146 |
|
| 700 | 1 |
_aMoya, José. _983955 |
|
| 700 | 1 |
_aMiguel Nieto, Anselmo. _981030 |
|
| 700 | 1 |
_aArteta, Aurelio. _923456 |
|
| 700 | 1 |
_aRomero de Torres, Julio. _999382 |
|
| 852 | 4 |
_a BA _jZ-102 _xOlim: B-3066 |
|
| 999 |
_c150179 _d150179 |
||